000
00264nam a2200097Ia 4500
001
723099
005
20250826163324.0
008
250824s9999 xx 000 0 und d
245
0
_a
KALBİNİN SAHİBİNE EMANET OL
_c
ÖMER SEVİNÇGÜL
260
_b
CARPE DİEM YAYINLARI
999
_c
723099
_d
723099